|
|
|
|
| LEADER |
00886nta a2200217 i 4500 |
| 001 |
dipl136388 |
| 005 |
20231107105626.0 |
| 008 |
230920s2022 hu om 0|| hun d |
| 040 |
|
|
|a SZTE Diploma Repozitórium
|b hun
|
| 041 |
|
|
|a hun
|
| 100 |
1 |
|
|a Mérő Mihály Ákos
|
| 245 |
1 |
0 |
|a Személyi fejlődést segítő webalkalmazás MERN-ben
|h [elektronikus dokumentum] /
|c Mihály Ákos Mérő
|
| 246 |
1 |
0 |
|a Creating personal development plan web application using MERN stack
|h [elektronikus dokumentum]
|
| 260 |
|
|
|c 2022
|
| 650 |
|
4 |
|a Természettudományok
|
| 650 |
|
4 |
|a Natural sciences
|
| 650 |
|
4 |
|a Computer and information sciences
|
| 650 |
|
4 |
|a Computer sciences, information science and bioinformatics
|
| 650 |
|
4 |
|a Internet services & applications
|
| 700 |
1 |
|
|a Gergely Tamás
|e ths
|
| 856 |
4 |
0 |
|u https://diploma.bibl.u-szeged.hu/id/eprint/136388/1/2022_mero_mihaly_akos.pdf
|z Dokumentum-elérés
|